| 000 | 00649cab a2200241 4500 | ||
|---|---|---|---|
| 001 | WB3511-37 | ||
| 008 | 090401t1999 xxu||||| |||| 00| 0 eng d | ||
| 035 | _a(Sirsi) u92116 | ||
| 041 | _aeng | ||
| 245 | _aWhat`s the storey? | ||
| 260 | _c1999 | ||
| 350 | _a0 | ||
| 490 |
_aIndependent _v15 March 1999, R9(2) |
||
| 520 | _aLooks at the problems attached to modern blocks of flats being granted listed status. | ||
| 650 | _aBLOCKS OF FLATS | ||
| 650 | _aCOUNCIL FLATS | ||
| 650 | _aHIGH RISE BUILDINGS | ||
| 650 | _aLISTED BUILDINGS | ||
| 650 | _aLISTING | ||
| 690 | _aPLANNING LAW AND PRACTICE | ||
| 942 | _n0 | ||
| 948 | _c16/03/1999 | ||
| 999 |
_c58403 _d58403 |
||